000 00568nam a2200181Ia 4500
008 090124s9999 xx 000 0 und d
082 _b41889
100 _aमांडके अलका
245 _a हृदयस्थ
250 _a1
260 _bग्रंथाली इंडियन एज्युकेशन सोसायटी
_c2004
300 _a212
600 _aमांडके अलका
630 _a हृदयस्थ
700 _aमांडके अलका
730 _a हृदयस्थ
942 _cBOOK
999 _c108081
_d108081